| 000 | 00573nam a2200169Ia 4500 | ||
|---|---|---|---|
| 003 | IN-BaIIA | ||
| 008 | 211028s9999 xx 000 0 eng d | ||
| 040 | _cIIA Library | ||
| 080 |
_a520.8(082.2) _bOPT-1 |
||
| 245 | 0 |
_aOptical and infrared telescopes for the 1990s _cedited by A. Hewitt |
|
| 260 |
_aArizona _bKitt Peak National Observatory _c1980 |
||
| 300 | _axxiii, 615p. | ||
| 650 |
_aAstronomical instrumentation _93629 |
||
| 650 | _aAstronomy and astrophysics thesaurus | ||
| 700 |
_aHewitt, A., ed. _911162 |
||
| 942 | _cBK | ||
| 999 |
_c6519 _d6519 |
||